Statistics for Manchester City scorers in Premier League 2016-2017

Click here to take the quiz!

General Stats

  • This quiz has been taken 105 times
  • The average score is 13 of 17

Answer Stats

PlayerGoals% Correct
Sergio Agüero20
100%
Vincent Kompany3
99%
Raheem Sterling7
95%
Kevin De Bruyne6
94%
David Silva4
90%
Gabriel Jesus7
88%
Fernandinho2
84%
Leroy Sané5
83%
Yaya Touré5
82%
Nicolas Otamendi1
80%
Pablo Zabaleta1
70%
Aleksandar Kolarov1
68%
Gaël Clichy1
67%
Ilkay Gündogan3
59%
Fabian Delph1
56%
Nolito4
49%
Kelechi Iheanacho4
49%

Score Distribution

Percentile by Number Answered

Percent of People with Each Score

Your Score History

You have not taken this quiz